Подробности
| 000 -МАРКЕР |
| контрольное поле |
01886nam0a22003131 4500 |
| 001 - ИДЕНТИФИКАТОР ЗАПИСИ |
| контрольное поле |
rc\2815212 |
| 005 - ИДЕНТИФИКАТОР ВЕРСИИ |
| контрольное поле |
20250805160813.4 |
| 035 ## - ДРУГИЕ СИСТЕМНЫЕ НОМЕРА |
| Идентификатор записи |
(NLR Aleph) 006940983 |
| 100 ## - ДАННЫЕ ОБЩЕЙ ОБРАБОТКИ |
| Данные общей обработки |
20110915d1945 |||y0rusy50 ca |
| 101 0# - ЯЗЫК РЕСУРСА |
| Язык текста, звукозаписи и т.д. |
русский |
| 102 ## - СТРАНА ПУБЛИКАЦИИ ИЛИ ПРОИЗВОДСТВА |
| Страна публикации |
Российская Федерация |
| 105 ## - ПОЛЕ КОДИРОВАННЫХ ДАННЫХ: ТЕКСТОВЫЕ МАТЕРИАЛЫ, МОНОГРАФИЧЕСКИЕ |
| Кодированные данные о монографическом текстовом документе |
y z ||||| |
| 200 1# - ЗАГЛАВИЕ И СВЕДЕНИЯ ОБ ОТВЕТСТВЕННОСТИ |
| Основное заглавие |
О появлении огнестрельного оружия на Руси |
| Сведения, относящиеся к заглавию |
[Тезисы доклада] |
| Первые сведения об ответственности |
Проф. В. В. Мавродин |
| Последующие сведения об ответственности |
Ленингр. гос. ордена Ленина ун-т |
| 210 ## - ПУБЛИКАЦИЯ, РАСПРОСТРАНЕНИЕ И ДР. |
| Место издания, распространения и т.д. |
[Ленинград] |
| Имя издателя, распространителя и т. д. |
тип. ЛГУ |
| Дата издания, распространения и т.д. |
[1945] |
| 215 ## - ФИЗИЧЕСКАЯ ХАРАКТЕРИСТИКА |
| Специфическое обозначение материала и объем |
14 с., без обл. и тит. л. |
| Размеры |
15 см. |
| 327 0# - ПРИМЕЧАНИЯ О СОДЕРЖАНИИ |
| Текст примечания |
В кн. также: доц. Д. П. Калистов. История Боспора в свете общих проблем раннего периода истории народов СССР. [Тезисы доклада]. Доц. В. Г. Брюнин. Воен. и полит. положение Германии накануне капитуляции в 1918 г. (Окт. 1918 г.) [Тезисы доклада] |
| 464 #0 - АНАЛИТИЧЕСКИЙ УРОВЕНЬ |
| Встроенное поле |
2000#$aИстория Боспора в свете общих проблем раннего периода истории народов СССР$fДоц. Д. П. Калистов |
| 464 #0 - АНАЛИТИЧЕСКИЙ УРОВЕНЬ |
| Встроенное поле |
2000#$aВоенное и политическое положение Германии накануне капитуляции в 1918 г. (Октябрь 1918 г.)$fДоц. В. Г. Брюнин |
| 700 #1 - ИМЯ ЛИЦА - ПЕРВИЧНАЯ ОТВЕТСТВЕННОСТЬ |
| Начальный элемент ввода |
Мавродин |
| Часть имени, кроме начального элемента ввода |
В. В. |
| Даты |
1908-1987 |
| Расширение инициалов личного имени |
Владимир Васильевич |
| 702 #1 - ИМЯ ЛИЦА - ВТОРИЧНАЯ ОТВЕТСТВЕННОСТЬ |
| Начальный элемент ввода |
Калистов |
| Часть имени, кроме начального элемента ввода |
Д. П. |
| Код отношения |
Прочие |
| 702 #1 - ИМЯ ЛИЦА - ВТОРИЧНАЯ ОТВЕТСТВЕННОСТЬ |
| Начальный элемент ввода |
Брюнин |
| Часть имени, кроме начального элемента ввода |
В. Г. |
| Код отношения |
Прочие |
| 801 #0 - ИСТОЧНИК ЗАПИСИ |
| Страна |
Российская Федерация |
| Организация |
NLR |
| Правила каталогизации |
psbo |
| 801 #1 - ИСТОЧНИК ЗАПИСИ |
| Страна |
Российская Федерация |
| Организация |
ELAR |
| Источник данных |
rusmarc |
| 852 ## - МЕСТОНАХОЖДЕНИЕ И ШИФР ХРАНЕНИЯ |
| Идентификатор организации |
NLR |
| Шифр хранения (Call Number) |
Пр50 Г-3/3-126 |
| 942 ## - ДОПОЛНИТЕЛЬНЫЕ ЭЛЕМЕНТЫ ЗАПИСИ (АБИС) |
| Тип экземпляра АБИС |
Книга |
| 945 ## - Информацию об издании предоставили: |
| Полное название организации, предоставившей материал |
Российская национальная библиотека |
| 980 ## - КОЛЛЕКЦИЯ |
| Название коллекции |
Национальная библиография |
| 980 ## - КОЛЛЕКЦИЯ |
| Название коллекции |
Библиография Победы |